Martyr Bhagat Singh: An Intimate View (Record no. 3315)
[ view plain ]
| 000 -LEADER | |
|---|---|
| fixed length control field | 00311nam a2200121Ia 4500 |
| 008 - FIXED-LENGTH DATA ELEMENTS--GENERAL INFORMATION | |
| fixed length control field | 191201s2007 xx 000 0 und d |
| 100 ## - MAIN ENTRY--PERSONAL NAME | |
| Personal name | JOHAR, K L |
| 245 #0 - TITLE STATEMENT | |
| Title | Martyr Bhagat Singh: An Intimate View |
| 260 ## - PUBLICATION, DISTRIBUTION, ETC. (IMPRINT) | |
| Place of publication, distribution, etc | Yamunanagar |
| Name of publisher, distributor, etc | Sneh Prakashan |
| Date of publication, distribution, etc | 2007 |
| 300 ## - PHYSICAL DESCRIPTION | |
| Extent | 368 |
| 650 ## - SUBJECT ADDED ENTRY--TOPICAL TERM | |
| Topical term or geographic name as entry element | General Books |
| 942 ## - ADDED ENTRY ELEMENTS (KOHA) | |
| Source of classification or shelving scheme | Dewey Decimal Classification |
| Koha item type | Text Books |
| Withdrawn status | Lost status | Source of classification or shelving scheme | Damaged status | Not for loan | Collection code | Home library | Current library | Shelving location | Date acquired | Source of acquisition | Cost, normal purchase price | Total Checkouts | Full call number | Acc. no. / Barcode | Date last seen | Date last borrowed | Bill Date | Koha item type | Public note | Currency |
|---|---|---|---|---|---|---|---|---|---|---|---|---|---|---|---|---|---|---|---|---|
| Dewey Decimal Classification | IKS- Indian Knowledge System | PIET C-LIBRARY | PIET C-LIBRARY | Ref. Sec. R02 | 09/10/2007 | J B C, New Delhi2007-09-29 | 750.00 | 1 | 920 JOM | 8517 | 21/03/2022 | 08/03/2022 | 29/09/2007 | Text Books | Biography | |||||
| Dewey Decimal Classification | IKS- Indian Knowledge System | PIET C-LIBRARY | PIET C-LIBRARY | Ref. Sec. R02 | 09/10/2007 | J B C, New Delhi2007-09-29 | 750.00 | 920 JOM | 8518 | 04/12/2019 | 29/09/2007 | Reference Books | Biography | |||||||
| Dewey Decimal Classification | IKS- Indian Knowledge System | PIET C-LIBRARY | PIET C-LIBRARY | Ref. Sec. R02 | 09/10/2007 | J B C, New Delhi2007-09-29 | 750.00 | 920 JOM | 8519 | 04/12/2019 | 29/09/2007 | Reference Books | Biography | |||||||
| Dewey Decimal Classification | IKS- Indian Knowledge System | PIET C-LIBRARY | PIET C-LIBRARY | Ref. Sec. R02 | 09/10/2007 | J B C, New Delhi2007-09-29 | 750.00 | 920 JOM | 8520 | 04/12/2019 | 29/09/2007 | Reference Books | Biography | |||||||
| Dewey Decimal Classification | IKS- Indian Knowledge System | PIET C-LIBRARY | PIET C-LIBRARY | Ref. Sec. R02 | 09/10/2007 | J B C, New Delhi 2007-09-29 | 750.00 | 920 JOM | 8521 | 04/12/2019 | 29/09/2007 | Reference Books | Biography | IN Rupees | ||||||
| Dewey Decimal Classification | IKS- Indian Knowledge System | PIET C-LIBRARY | PIET C-LIBRARY | Ref. Sec. R02 | 09/10/2007 | J B C, New Delhi 2007-09-29 | 750.00 | 920 JOM | 8522 | 04/12/2019 | 29/09/2007 | Reference Books | Biography | IN Rupees | ||||||
| Dewey Decimal Classification | IKS- Indian Knowledge System | PIET C-LIBRARY | PIET C-LIBRARY | Ref. Sec. R02 | 09/10/2007 | J B C, New Delhi2007-09-29 | 750.00 | 920 JOM | 8523 | 04/12/2019 | 29/09/2007 | Reference Books | Biography | |||||||
| Dewey Decimal Classification | IKS- Indian Knowledge System | PIET C-LIBRARY | PIET C-LIBRARY | Ref. Sec. R02 | 09/10/2007 | J B C, New Delhi2007-09-29 | 750.00 | 920 JOM | 8524 | 04/12/2019 | 29/09/2007 | Reference Books | Biography | |||||||
| Dewey Decimal Classification | IKS- Indian Knowledge System | PIET C-LIBRARY | PIET C-LIBRARY | Ref. Sec. R02 | 09/10/2007 | J B C, New Delhi2007-09-29 | 750.00 | 920 JOM | 8525 | 04/12/2019 | 29/09/2007 | Reference Books | Biography | |||||||
| Dewey Decimal Classification | IKS- Indian Knowledge System | PIET C-LIBRARY | PIET C-LIBRARY | Ref. Sec. R02 | 09/10/2007 | J B C, New Delhi2007-09-29 | 750.00 | 920 JOM | 8526 | 04/12/2019 | 29/09/2007 | Reference Books | Biography |